Click the US States by Order of Admission - Statistics

General Stats
  • This quiz has been taken 72 times
  • The average score is 7 of 37
Answer Stats
Hint Extra Hint Answer % Correct
49th January 3, 1959 Alaska
62%
14th March 4, 1791 Vermont
48%
50th August 21, 1959 Hawaii
43%
15th June 1, 1792 Kentucky
38%
17th March 1, 1803 Ohio
38%
27th March 3, 1845 Florida
33%
22nd December 14, 1819 Alabama
29%
21st December 3, 1818 Illinois
29%
16th June 1, 1796 Tennessee
29%
19th December 11, 1816 Indiana
24%
18th April 30, 1812 Louisiana
24%
35th June 20, 1863 West Virginia
24%
48th February 14, 1912 Arizona
19%
23rd March 15, 1820 Maine
19%
20th December 10, 1817 Mississipi
19%
39th* November 2, 1889 North Dakota
19%
25th June 15, 1836 Arkansas
14%
38th August 1, 1876 Colorado
14%
43rd July 3, 1890 Idaho
14%
47th January 6, 1912 New Mexico
14%
39th* November 2, 1889 South Dakota
14%
28th December 29, 1845 Texas
14%
30th May 29, 1848 Wisconsin
14%
44th July 10, 1890 Wyoming
14%
31st September 9, 1850 California
10%
29th December 28, 1846 Iowa
10%
34th January 29, 1861 Kansas
10%
26th January 26, 1837 Michigan
10%
32nd May 11, 1858 Minnesota
10%
24th August 10, 1821 Missouri
10%
41st November 8, 1889 Montana
10%
37th March 1, 1867 Nebraska
10%
36th October 31, 1864 Nevada
10%
46th November 16, 1907 Oklahoma
10%
33rd February 14, 1859 Oregon
10%
45th January 4, 1896 Utah
10%
42nd November 11, 1889 Washington
10%
No matching quizzes found
Score Distribution
Percent of People with Each Score
Percentile by Number Answered
Your Score History
You have not taken this quiz